00414nam a2200157Ia 4500003000400000005001700004008004100021040000900062082001700071100002000088245006400108250001200172260004800184300000900232650001500241OSt20200121093833.0190216s9999||||xx |||||||||||||| ||und|| coclc a658.3bVEN/H1 aVenugopalan, K. 0aHuman Resource Management /cK Venugopalan ; K Abdul Assis  a2nd ed. bCalicut University Stores,c2003.aCalicut: a465p aManagement